[Event "FRA-chT2 0910"]
[Site "France"]
[Date "2009.10.17"]
[Round "2.5"]
[White "Duchateau, Thomas"]
[Black "Bellet, Georges"]
[Result "1-0"]
[WhiteElo "2147"]
[BlackElo "2163"]
[PlyCount "71"]
[EventDate "2009.09.27"]
[EventType "team-tourn"]
[EventRounds "11"]
[EventCountry "FRA"]
[SourceTitle "EXT 2011"]
[Source "ChessBase"]
[SourceDate "2010.11.26"]
[SourceVersion "1"]
[SourceVersionDate "2010.11.26"]
[SourceQuality "1"]

1. d4 c5 2. d5 d6 3. c4 Nf6 4. Nc3 g6 5. e4 Bg7 6. h3 a6 7. a4 e5 8. g4 Nbd7 9. Nge2 Rb8 10. Ng3 Nb6 11. Be3 Na8 12. Be2 Nc7 13. h4 Bd7 14. a5 b5 15. axb6 Rxb6 16. Ra2 Qb8 17. g5 Ng8 18. Qd2 Qc8 19. h5 Bg4 20. h6 Bf8 21. f3 Bd7 22. f4 f6 23. 0-0 Qd8 24. fxe5 dxe5 25. Nf5 Bxf5 26. exf5 Be7 27. Na4 Rd6 28. Nxc5 fxg5 29. Nb7 Qd7 30. Nxd6+ Qxd6 31. Bxg5 Nf6 32. Bxf6 Bxf6 33. Qd3 Bg5 34. fxg6 hxg6 35. Qf3 Rh7 36. Qg4 1-0

[Event "FRA-chT2 0910"]
[Site "France"]
[Date "2009.10.04"]
[Round "1.4"]
[White "Soulas, Gilles"]
[Black "Bellet, Georges"]
[Result "1/2-1/2"]
[WhiteElo "2205"]
[BlackElo "2163"]
[PlyCount "119"]
[EventDate "2009.09.27"]
[EventType "team-tourn"]
[EventRounds "11"]
[EventCountry "FRA"]
[SourceTitle "EXT 2011"]
[Source "ChessBase"]
[SourceDate "2010.11.26"]
[SourceVersion "1"]
[SourceVersionDate "2010.11.26"]
[SourceQuality "1"]

1. d4 Nf6 2. Nf3 g6 3. c4 c5 4. Nc3 Bg7 5. g3 0-0 6. Bg2 a6 7. 0-0 Qc7 8. d5 d6 9. Re1 e5 10. dxe6 Bxe6 11. Nd5 Nxd5 12. cxd5 Bg4 13. a4 b6 14. Nd2 Bd7 15. Ne4 Bf5 16. Nc3 Bc8 17. e4 Nd7 18. f4 f6 19. Bh3 Rb8 20. Be6+ Kh8 21. h4 Re8 22. h5 Nf8 23. hxg6 Nxg6 24. Qh5 Bxe6 25. dxe6 Rxe6 26. f5 Re5 27. Qf3 Ne7 28. Bf4 Nc6 29. Bxe5 dxe5 30. Qh5 Nd4 31. Rad1 Qd7 32. Kg2 Qe8 33. Qh4 Rd8 34. Rh1 h6 35. Qh5 Qxh5 36. Rxh5 Kg8 37. Kf2 b5 38. axb5 axb5 39. Nxb5 Rb8 40. Nxd4 exd4 41. Rd2 Rb3 42. g4 Bf8 43. Rh1 Kf7 44. Ra1 Bd6 45. Ra3 Rb7 46. Ke2 c4 47. Ra6 d3+ 48. Ke3 Bc5+ 49. Kf4 Bb4 50. Rh2 Rd7 51. Rh1 Bd6+ 52. Ke3 Bc5+ 53. Kd2 Bb4+ 54. Kd1 Bf8 55. Rc6 Rd4 56. Re1 Bd6 57. Rb6 Bg3 58. Rb7+ Kf8 59. Rg1 Bf4 60. Re1 1/2-1/2

[Event "FRA-ch op-A"]
[Site "Aix les Bains"]
[Date "2003.08.19"]
[Round "1"]
[White "Bellet, Georges"]
[Black "Petracco, Gilles"]
[Result "1-0"]
[WhiteElo "2192"]
[BlackElo "2097"]
[PlyCount "115"]
[EventDate "2003.08.19"]
[EventType "swiss"]
[EventRounds "11"]
[EventCountry "FRA"]
[SourceTitle "EXT 2004"]
[Source "ChessBase"]
[SourceDate "2003.11.25"]
[SourceVersion "1"]
[SourceVersionDate "2003.11.25"]
[SourceQuality "1"]

1. e4 e5 2. Nf3 Nf6 3. d4 Nxe4 4. Bd3 d5 5. dxe5 Nc5 6. Be2 Be7 7. 0-0 0-0 8. Bf4 c6 9. c3 Bg4 10. h3 Bh5 11. Bh2 Ne6 12. Nbd2 Nd7 13. Nb3 Qb6 14. Qd2 Rad8 15. Nbd4 Nxd4 16. Nxd4 Bxe2 17. Qxe2 Nc5 18. Kh1 Rfe8 19. Qc2 Bf8 20. b4 Ne6 21. Nxe6 fxe6 22. f4 g6 23. Bg1 Qc7 24. a3 a6 25. c4 dxc4 26. Qxc4 Rd5 27. Rae1 Qf7 28. Rf3 Red8 29. g4 Bg7 30. Qe4 Qd7 31. Bc5 Rd1 32. Bd6 Rxe1+ 33. Qxe1 Bf8 34. Rd3 Qf7 35. Qe4 Bh6 36. Rd4 Rd7 37. Kg2 Rd8 38. Kg3 Bf8 39. Rd3 Be7 40. Rd2 Kg7 41. Rd3 Kg8 42. a4 Bxd6 43. exd6 Qd7 44. Qe5 Rf8 45. Re3 Kf7 46. h4 Rd8 47. Rd3 Kg8 48. h5 gxh5 49. Qg5+ Kf7 50. Qxh5+ Kg7 51. Qg5+ Kf7 52. Qh6 Kg8 53. Qg5+ Kf7 54. Kf2 Rg8 55. Qh5+ Kf8 56. f5 exf5 57. Rf3 Rg7 58. Rxf5+ 1-0

[Event "FRA-chT"]
[Site "France"]
[Date "1995.??.??"]
[Round "?"]
[White "Apicella, Manuel"]
[Black "Bellet, Georges"]
[Result "0-1"]
[WhiteElo "2505"]
[BlackElo "2175"]
[PlyCount "66"]
[EventDate "1995.??.??"]
[EventType "team"]
[EventRounds "5"]
[EventCountry "FRA"]
[SourceTitle "EXT 1997"]
[Source "ChessBase"]
[SourceDate "1996.11.15"]
[SourceVersion "1"]
[SourceVersionDate "1996.11.15"]
[SourceQuality "1"]

1. e4 e6 2. d4 d5 3. e5 c5 4. c3 Nc6 5. Nf3 Qb6 6. Bd3 cxd4 7. cxd4 Bd7 8. Nc3 Nxd4 9. Nxd4 Qxd4 10. Qe2 a6 11. 0-0 Ne7 12. Kh1 Nc6 13. f4 Nb4 14. Rd1 Bc5 15. Bxh7 Qf2 16. Qxf2 Bxf2 17. Bb1 0-0-0 18. h3 f6 19. exf6 gxf6 20. Rf1 Ba7 21. Bd2 Bc6 22. a3 d4 23. Ne4 d3 24. Bxb4 Bxe4 25. Kh2 f5 26. Ba2 Kd7 27. Rae1 Rh6 28. Bc3 Ke7 29. g4 d2 30. Bb4+ Ke8 31. Rxe4 fxe4 32. g5 Rh5 33. Bb3 Rd3 0-1

[Event "FRA-ch Accession"]
[Site "Chambery"]
[Date "1994.??.??"]
[Round "2"]
[White "Bellet, Georges"]
[Black "Elbilia, Jacques"]
[Result "1/2-1/2"]
[WhiteElo "2215"]
[BlackElo "2315"]
[PlyCount "34"]
[EventDate "1994.??.??"]
[EventType "swiss"]
[EventRounds "11"]
[EventCountry "FRA"]
[SourceTitle "EXT 2004"]
[Source "ChessBase"]
[SourceDate "2003.11.25"]
[SourceVersion "1"]
[SourceVersionDate "2003.11.25"]
[SourceQuality "1"]

1. e4 e5 2. Nf3 Nc6 3. Bb5 a6 4. Ba4 d6 5. c3 Bd7 6. 0-0 Nge7 7. d4 Ng6 8. Be3 Be7 9. Nbd2 0-0 10. Re1 Qe8 11. Bc2 Kh8 12. Rc1 f5 13. exf5 Bxf5 14. Bxf5 Rxf5 15. dxe5 dxe5 16. Qb3 b5 17. Qe6 Rf6 1/2-1/2